Exporting services a developing country perspective /

Bibliographic Details
Corporate Author: ProQuest (Firm)
Other Authors: Goswami, Arti Grover, 1978-, Mattoo, Aaditya., Saez, Sebastian.
Format: Electronic eBook
Language:English
Published: Washington, D.C. : World Bank, 2011.
Subjects:
Online Access:Click to View
LEADER 01547nam a2200421 a 4500
001 EBC819932
003 MiAaPQ
005 20200520144314.0
006 m o d |
007 cr cn|||||||||
008 110923s2011 dcu sb 001 0 eng d
010 |z  2011039571 
020 |z 9780821388167 
020 |a 9780821388235 (electronic bk.) 
035 |a (MiAaPQ)EBC819932 
035 |a (Au-PeEL)EBL819932 
035 |a (CaPaEBR)ebr10520045 
035 |a (CaONFJC)MIL337188 
035 |a (OCoLC)774293640 
040 |a MiAaPQ  |c MiAaPQ  |d MiAaPQ 
043 |a d------ 
050 4 |a HD9989.D44  |b E97 2011 
082 0 4 |a 382/.4500091724  |2 23 
245 0 0 |a Exporting services  |h [electronic resource] :  |b a developing country perspective /  |c Arti Grover Goswami, Aaditya Mattoo, Sebastian Saez, editors. 
260 |a Washington, D.C. :  |b World Bank,  |c 2011. 
300 |a xxii, 379 p. 
504 |a Includes bibliographical references and index. 
533 |a Electronic reproduction. Ann Arbor, MI : ProQuest, 2015. Available via World Wide Web. Access may be limited to ProQuest affiliated libraries. 
650 0 |a Service industries  |z Developing countries. 
650 0 |a Foreign trade regulation. 
650 0 |a Free trade. 
651 0 |a Developing countries  |x Commerce. 
655 4 |a Electronic books. 
700 1 |a Goswami, Arti Grover,  |d 1978- 
700 1 |a Mattoo, Aaditya. 
700 1 |a Saez, Sebastian. 
710 2 |a ProQuest (Firm) 
856 4 0 |u https://ebookcentral.proquest.com/lib/matrademy/detail.action?docID=819932  |z Click to View